Normal view
MARC view
- Iron and steel bridges
Entry Topical Term
001 - CONTROL NUMBER
- control field: 22237
003 - CONTROL NUMBER IDENTIFIER
- control field: NUST
005 - DATE AND TIME OF LATEST TRANSACTION
- control field: 20191001155803.0
008 - FIXED-LENGTH DATA ELEMENTS
- fixed length control field: 191001|| aca||aabn | a|a d
040 ## - CATALOGING SOURCE
- Original cataloging agency: NUST
- Transcribing agency: NUST
150 ## - HEADING--TOPICAL TERM
- Topical term or geographic name entry element: Iron and steel bridges
- Geographic subdivision: United States
- General subdivision: Maintenance and repair.
670 ## - SOURCE DATA FOUND
- Source citation: Work cat.: (NUST)0: Appleman, Bernard R. 21952, Lead-based paint removal for steel highway bridges /, 1997.
